MARC

Tag First Indicator Second Indicator Subfields
LEADER 00000cam a2200000 a 4500
001 in00005736713
005 20260326161119.5
006 m o d
007 cr cn|||||||||
008 090320s1979 ne ob 000 0 eng d
040 |a OPELS  |b eng  |e pn  |c OPELS  |d OPELS  |d OCLCQ  |d OCLCF  |d OCLCO  |d DEBBG  |d N$T  |d IDEBK  |d E7B  |d MERUC  |d YDXCP  |d OCLCQ  |d COO  |d OCLCQ  |d DEBSZ  |d LEAUB  |d S2H  |d OCLCO  |d OCLCQ  |d OCLCO  |d OCLCL 
019 |a 367645972  |a 646775005 
020 |a 9780444853042 
020 |a 0444853049 
020 |a 9780080871479  |q (electronic bk.) 
020 |a 008087147X  |q (electronic bk.) 
035 |a (OCoLC)316564243  |z (OCoLC)367645972  |z (OCoLC)646775005 
037 |a 163614:163807  |b Elsevier Science & Technology  |n http://www.sciencedirect.com 
050 4 |a QA329.8  |b .I48eb 
072 7 |a MAT  |x 037000  |2 bisacsh 
082 0 4 |a 515/.72  |2 22 
049 |a TXAM 
100 1 |a Iooss, Gérard. 
245 1 0 |a Bifurcation of maps and applications /  |c G. Iooss. 
260 |a Amsterdam ;  |a New York :  |b North-Holland Pub. Co. ;  |a New York :  |b Sole distributors for the U.S.A. and Canada, Elsevier North-Holland,  |c 1979. 
300 |a 1 online resource (x, 232 pages) 
336 |a text  |b txt  |2 rdacontent 
337 |a computer  |b c  |2 rdamedia 
338 |a online resource  |b cr  |2 rdacarrier 
490 1 |a North-Holland mathematics studies ;  |v 36 
504 |a Includes bibliographical references (pages 229-232). 
588 0 |a Print version record. 
505 0 |a Front Cover; Bifurcation of Maps and Applications; Copyright Page; Contents; Introduction; CHAPTER I. Stability or instability of a fixed point of a map in a Banach space; CHAPTER II. Bifurcation of fixed points in R; CHAPTER III. Hopf bifurcation in R2; CHAPTER IV. Subharmonic bifurcations of fixed points in R2-strong resonance; CHAPTER V. Invariant manifolds and applications; CHAPTER VI. Bifurcation of an invariant circle into an invars 2-torus for a one parameter family of maps; BIBLIOGRAPHY. 
650 0 |a Nonlinear operators. 
650 0 |a Mappings (Mathematics) 
650 0 |a Bifurcation theory. 
650 6 |a Opérateurs non linéaires. 
650 6 |a Applications (Mathématiques) 
650 6 |a Théorie de la bifurcation. 
650 7 |a MATHEMATICS  |x Functional Analysis.  |2 bisacsh 
650 7 |a Bifurcation theory  |2 fast 
650 7 |a Mappings (Mathematics)  |2 fast 
650 7 |a Nonlinear operators  |2 fast 
650 7 |a Bifurcation, théorie de la.  |2 ram 
650 7 |a Opérateurs, théorie des.  |2 ram 
655 7 |a Electronic books.  |2 local 
710 2 |a ScienceDirect (Online service) 
758 |i has work:  |a Bifurcation of maps and applications (Text)  |1 https://id.oclc.org/worldcat/entity/E39PCFGTq3F3PqTffrxYhCkPXq  |4 https://id.oclc.org/worldcat/ontology/hasWork 
776 0 8 |i Print version:  |a Iooss, Gérard.  |t Bifurcation of maps and applications.  |d Amsterdam ; New York : North-Holland Pub. Co. ; New York : Sole distributors for the U.S.A. and Canada, Elsevier North-Holland, 1979  |z 0444853049  |z 9780444853042  |w (DLC) 79009845  |w (OCoLC)4775723 
830 0 |a North-Holland mathematics studies ;  |v 36. 
856 4 0 |u http://proxy.library.tamu.edu/login?url=https://www.sciencedirect.com/science/bookseries/03040208/36  |z Connect to the full text of this electronic book  |t 0 
955 |a Elsevier ScienceDirect 2026-2027 
994 |a 92  |b TXA 
999 f f |i f164af14-320a-451e-88be-6a0bd41e5c57  |s 8e810c30-930b-44eb-9a3b-00f3551b25be  |t 0 
952 f f |a Texas A&M University  |b College Station  |c Electronic Resources  |s www_evans  |d Available Online  |t 0  |e QA329.8 .I48eb  |h Library of Congress classification 
998 f f |a QA329.8 .I48eb  |t 0  |l Available Online